000 00825nam a22002417a 4500
999 _c15639
_d15639
003 MIRAKIL
005 20240313132527.0
008 240313b tu ||||| |||| 00| 0 tur d
020 _a9789751633293
040 _aTR-AnCHP
_cTR-AnCHP
041 _atur
082 _a417.2
_bE67a 2017
100 _aErtekinoğlu, Servet
245 1 0 _aAhlat ağzı söz varlığı /
_cServet Ertekinoğlu
250 _a1. bsk.
260 _aAnkara :
_bTürk Dil Kurumu,
_c2017.
300 _a585 s. :
_brnk. hrt. ;
_c24 cm.
490 0 _aAtatürk Kültür, Dil ve Tarih Yüksek Kurumu Türk Dil Kurumu yayınları ;
_v1229.
504 _aKaynakça: 575-585. ss.
650 0 _97753
_aAğızlar
_zAhlat, Bitlis (Türkiye)
856 _zDijital Nüshası için Partimizin Kütüphane Sorumlusu ile iletişime geçiniz.
942 _2ddc
_cBKS